Les 10 Argentins avec le plus de match au PSG - Statistiques

Statistiques générales
  • Ce quiz a été pris 205 fois
  • Le résultat moyen est 6 sur 10
Statistiques - réponses
Poste Matchs Années Réponse % Correct
ATT 295 2015-2022 Angel Di Maria
99%
ATT 75 2021–2023 Lionnel Messi
90%
MIL 117 2019–2023 Leandro Paredes
77%
ATT 161 2012–2016 Ezequiel Lavezzi
73%
MIL 269 2011-2018 Javier Pastore
71%
ATT 92 2019–2023 Mauro Icardi
68%
DEF 132 2001–2004 Gabriel Heinze
31%
DEF 95 2001–2003 Mauricio Pochettino
28%
ATT 80 1977–1979 Carlos Bianchi
12%
MIL 113 1987–1990 Gabriel Calderon
3%
Aucun quiz correspondant
Distribution des résultats
% des personnes avec chaque résultat
Percentile par nombre de réponses
Votre historique - résultats
Vous n’avez pas pris ce quiz